000 00688cam a2200205 4500
005 20260311175521.0
008 710702s1971 ctu b 001 0 eng
020 _a0300013914
_q(cloth)
020 _a0300015658
_q(paper)
040 _aKABLIB
_cKABLIB
_erda
082 0 0 _a323.042
_223
_bDAH
100 1 _aDahl, Robert A.,
_d1915-2014.
_915250
245 1 0 _aPolyarchy; participation and opposition /
_cRobert A. Dahl.
260 _aNew Haven,
_bYale University Press,
_cc1971.
300 _aix, 257 p. :
_bill. ;
_c21 cm.
504 _aIncludes bibliographical references.
650 0 _aOpposition (Political science)
_915693
650 0 _aPolitical participation.
_910148
942 _2ddc
_cBOOK
999 _c6174
_d6174